Polscy królowie i książęta - Statystyki

Ogólne statystyki
  • Ten quiz został rozwiązany 197 razy
  • Średni wynik to 18 z 46
Statystyki odpowiedzi
Data panowania Władca % Poprawnych
Ok. 960-992 Mieszko I
100%
992-1025 Bolesław I Chrobry Wielki
79%
1025-1034 Mieszko II Lambert
75%
1034-1058 Kazimierz I Odnowiciel
57%
1333-1370 Kazimierz III Wielki
56%
1058-1079 Bolesław II Szczodry
55%
1102-1138 Bolesław III Krzywousty
54%
1674-1696 Jan III Sobieski
50%
1386-1434 Władysław II Jagiełło
50%
1576-1586 Stefan Batory
48%
1384-1399 Jadwiga Andegaweńska
47%
1079-1102 Władysław I Herman
47%
1306-1333 Władysław I Łokietek
46%
1733-1763 August III Sas
45%
1370-1382 Ludwik Węgierski
45%
1290-1291, 1295-1296 Przemysł II
45%
1434-1444 Władysław III Warneńczyk
45%
1587-1632 Zygmunt III Waza
45%
1506-1548 Zygmunt I Stary
45%
1648-1668 Jan II Kazimierz
43%
1492-1501 Jan I Olbracht
43%
1447-1492 Kazimierz IV Jagiellończyk
43%
1669-1673 Michał Korybut Wiśniowiecki
43%
1173-1177, 1191, 1198, 1199-1202 Mieszko III Stary
42%
1548-1572 Zygmunt II August
42%
1704-1709, 1733-1735 Stanisław Leszczyński
41%
1697-1733 August II Mocny
40%
1573-1574 Henryk Walezy
40%
1633-1648 Władysław IV Waza
38%
1576-1586 Anna Jagiellonka
37%
1501-1506 Aleksander I Jagiellończyk
36%
1138-1146 Władysław II Wygnaniec
34%
1194-1227 Leszek I Biały
31%
1177-1194 Kazimierz II Sprawiedliwy
30%
1146-1173 Bolesław IV Kędzierzawy
29%
1279-1288 Leszek II Czarny
28%
1300-1305 Wacław II Czeski
22%
1305-1306 Wacław III Czeski
22%
1764-1795 Stanisław III August Poniatowski
21%
1243-1279 Bolesław V Wstydliwy
20%
1241-1243 Konrad I Mazowiecki
19%
1238-1241 Henryk III Pobożny
16%
1230-1238 Henryk II Brodaty
14%
1202, 1228-1230 Władysław III Laskonogi
14%
1210-1211 Mieszko IV Plątonogi
12%
1288-1290 Henryk IV Probus
11%
Nie znaleziono quizów pasujących do podanych kryteriów
Rozkład punktacji
Procent ludzi z każdym wynikiem
Percentyl według liczby udzielonych odpowiedzi
Twoja historia wyników
Nie rozwiązałeś tego quizu